| Поле | Инд. | ПП | Название | Значение |
|---|---|---|---|---|
| Тип записи | a | |||
| Библиографический уровень | a | |||
| 001 | Контрольный номер | 4a2c4d0bb3d24382b5e64ef46ba14d2d | ||
| 005 | Дата корректировки | 20260423082056.4 | ||
| 020 | a | ISBN | 978-5-907919-723 | |
| 040 | a | Служба первич. каталог. | НБ ТвГУ | |
| b | Код языка каталог. | rus | ||
| e | Правила каталог. | PSBO | ||
| 041 | 0_ | a | Код языка текста | rus |
| 097 | b | Оператор | Komarova.ES | |
| 100 | 1_ | a | Автор | Киндеркнехт Анна Сергеевна |
| q | Полное имя | Киндеркнехт А. С. | ||
| 245 | 10 | a | Заглавие | О кодексе профессиональной этики писателя |
| 260 | a | Место издания | Москва | |
| b | Издательство | Московский союз литераторов | ||
| 504 | a | Библиография | Библиогр. в подстроч. примеч. | |
| 520 | 0_ | a | Аннотация | В статье поднимаются вопросы корпоративной этики писателя. Обращается внимание на регламентацию поведения автора и рассматривается необходимость разработки кодекса профессиональной этики писателя. |
| 653 | 0_ | a | Ключевые слова | Писатель |
| a | Ключевые слова | Наука | ||
| a | Ключевые слова | Кодекс профессиональной этики | ||
| a | Ключевые слова | Этика | ||
| a | Ключевые слова | Мораль | ||
| a | Ключевые слова | Нравственность | ||
| 773 | 18 | w | Контрольный № источника | b6c41c0621c24b1a8844e5348daa290e |
| t | Название источника | IV международная научно-практическая конференция "Русский язык и литература в современном мире: как сохранить национальный культурный код" | ||
| d | Место и дата издания | Москва : Московский союз литераторов, 2026 | ||
| g | Прочая информация | С. 28-37 | ||
| 901 | t | Тип документа | a | |
| 920 | a | Оператор | Кома | |
| 954 | b | Дата поступления в ОК | 20260423 |